The astrolabe: a brief account of its history and construction together with practical instructions showing how it was used and can still be used for solving many astronomical problems (Record no. 87549)

MARC details
000 -LEADER
fixed length control field 00607cam a2200181 4500
008 - FIXED-LENGTH DATA ELEMENTS--GENERAL INFORMATION
fixed length control field 090401t1971 xxu||||| |||| 00| 0 eng d
020 ## - INTERNATIONAL STANDARD BOOK NUMBER
International Standard Book Number 0950257109
035 ## - SYSTEM CONTROL NUMBER
System control number (Sirsi) u17790
041 ## - LANGUAGE CODE
Language code of text/sound track or separate title eng
050 ## - LIBRARY OF CONGRESS CALL NUMBER
Classification number 527.028
100 ## - MAIN ENTRY--PERSONAL NAME
Personal name Saunders, Harold Nicholas
245 #4 - TITLE STATEMENT
Title The astrolabe: a brief account of its history and construction together with practical instructions showing how it was used and can still be used for solving many astronomical problems
260 ## - PUBLICATION, DISTRIBUTION, ETC.
Place of publication, distribution, etc. Bude
Name of publisher, distributor, etc. H N Saunders
Date of publication, distribution, etc. 1971
300 ## - PHYSICAL DESCRIPTION
Extent 35p. ill. 18cm. Sd. Bibl. p.35
350 ## - PRICE (NR) (BK AM CF MU VM SE) [OBSOLETE]
Price 0.45
942 ## - ADDED ENTRY ELEMENTS (KOHA)
Suppress in OPAC 0
948 ## - LOCAL PROCESSING INFORMATION (OCLC); SERIES PART DESIGNATOR (RLIN)
c (OCLC) 04/03/1997
Holdings
Withdrawn status Lost status Source of classification or shelving scheme Damaged status Not for loan Home library Current library Shelving location Date acquired Cost, normal purchase price Total Checkouts Full call number Barcode Date last seen Copy number Cost, replacement price Price effective from Koha item type
    Dewey Decimal Classification     London London Basement 14/09/1999 0.45   SHELF 205 30017492 06/08/2019 1 0.45 06/08/2019 Book